Cẩm nang pháp lý trong nghiệp vụ chuyên chở hàng hóa bằng đường hàng không
Khái quát về vận tải hàng không; Nghiệp vụ chuyên chở hàng hóa xuất nhập khẩu bằng đường hàng không quốc tế, đường hàng không Việt Nam.
Spremljeno u:
| Glavni autor: | |
|---|---|
| Format: | Knjiga |
| Jezik: | Undetermined |
| Izdano: |
Hà Nội
Chính trị Quốc gia
2003
|
| Teme: | |
| Oznake: |
Dodaj oznaku
Bez oznaka, Budi prvi tko označuje ovaj zapis!
|
| Thư viện lưu trữ: | Trung tâm Học liệu Trường Đại học Cần Thơ |
|---|
| LEADER | 00933nam a2200217Ia 4500 | ||
|---|---|---|---|
| 001 | CTU_58395 | ||
| 008 | 210402s9999 xx 000 0 und d | ||
| 020 | |b 22500 | ||
| 082 | |a 341.75678 | ||
| 082 | |b T502 | ||
| 100 | |a Vũ, Sỹ Tuấn | ||
| 245 | 0 | |a Cẩm nang pháp lý trong nghiệp vụ chuyên chở hàng hóa bằng đường hàng không | |
| 245 | 0 | |c Vũ Sỹ Tuấn | |
| 260 | |a Hà Nội | ||
| 260 | |b Chính trị Quốc gia | ||
| 260 | |c 2003 | ||
| 520 | |a Khái quát về vận tải hàng không; Nghiệp vụ chuyên chở hàng hóa xuất nhập khẩu bằng đường hàng không quốc tế, đường hàng không Việt Nam. | ||
| 650 | |a Aeronautics, commercial,Hàng không, thương mại | ||
| 650 | |x Freight,Vận chuyển hàng hóa | ||
| 904 | |i Minh | ||
| 980 | |a Trung tâm Học liệu Trường Đại học Cần Thơ | ||